000 00655cam a22002172 4500
001 0000003817
005 20151217151935.0
008 070515s xx 000 0 eng d
020 _a075030183X :
_cGBP 38.99
040 _aKABU
_cKABU
050 0 _aQC718
_b.G65
100 1 _aGoldston, Robert J.
_@0000154000
245 1 0 _aIntroduction to plasma physics /
_cRobert J. Goldston and Paul H. Ritherford.
260 _aLondon :
_bIOP,
_c1995.
300 _axv, 491 p.
650 0 _aPlasma (Ionized gases)
_@0000067790
700 1 _aRutherford, Paul H.
_@0000154001
908 _a070515
950 _@1
999 _c6543
_d6543